Entry Nombre personal
001 - NÚMERO DE CONTROL
- campo de control: 238910
003 - IDENTIFICADOR DE NÚMERO DE CONTROL
- campo de control: SpMaBN
005 - FECHA Y HORA DE LA ÚLTIMA TRANSACCIÓN
- campo de control: 20250805070113.0
008 - ELEMENTOS DE DATO DE LONGITUD-FIJA
- campo de control de longitud fija: 110418n| azznnaabn |a aaa
024 7# - IDENTIFICADOR DE OTROS ESTÁNDARES
- Número estándar o código: https://isni.org/isni/0000000388755442
- Fuente: isni
024 7# - IDENTIFICADOR DE OTROS ESTÁNDARES
- Número estándar o código: http://viaf.org/viaf/282052802/
- Fuente: viaf
040 ## - FUENTE DE CATALOGACIÓN
- Centro catalogador/agencia de origen: SpMaBN
- Lengua de catalogación: spa
- Centro/agencia transcriptor: SpMaBN
- Normas de descripción: rdc
- Convención/Normas de encabezamiento de materia/tesauro: embne
100 1# - ENCABEZAMIENTO-NOMBRE DE PERSONA
- Nombre de persona: Abreu Fetter, Carlos,
- Fechas asociadas al nombre: 1971-
374 ## - OCUPACIÓN
- Ocupación: Traductores
375 ## - GÉNERO/SEXO
- Género: Masculino
377 ## - IDIOMA ASOCIADO
- Código del idioma: spa
- Término de lengua/lenguaje: Español
400 1# - TRAZADO DE VÉASE--NOMBRE DE PERSONA
- Nombre de persona: Abreu, Carlos,
- Forma completa/desarrollada del nombre: 1971-
500 1# - TRAZADO DE VÉASE ADEMÁS--NOMBRE DE PERSONA
- Nombre de persona: Creepy, Jeff
663 ## - REFERENCIA COMPLEJA DE VÉASE ADEMÁS--NOMBRE
- Texto explicativo: Para obras de humor macabro para niños de este autor, véase además:
- Encabezamiento referido a: Creepy, Jeff
670 ## - FUENTE DE DATOS ENCONTRADOS
- Cita de la fuente: Invierno rojo, 2011
- Información encontrada: port. (traductor, Carlos Abreu Fetter)
670 ## - FUENTE DE DATOS ENCONTRADOS
- Cita de la fuente: La máquina de la muerte, 2012
- Información encontrada: v. port. (Carlos Abreu)
670 ## - FUENTE DE DATOS ENCONTRADOS
- Cita de la fuente: WWW LC auth., 22-1-2020
- Información encontrada: (Abreu, Carlos)
- Identificador Uniforme de Recursos: http://id.loc.gov/authorities/names/n85236807
670 ## - FUENTE DE DATOS ENCONTRADOS
- Cita de la fuente: WWW Twitter del autor, 14-9-2018
- Información encontrada: (Carlos Abreu Fetter. Traductor literario y también escribe humor macabro para niños)
- Identificador Uniforme de Recursos: https://twitter.com/abreufetter?lang=es
